000 00677nam a22002417a 4500
003 UA-OsUOA
001 96114
007 ta
008 20130315b un ||||| |||| 00| 0 ukr d
100 _aКороткевич В.
090 _a821.161.3
_bК68
942 _cBK
040 _aUA-OsUOA
_brus
_cUA-OsUOA
_dUA-OsUOA
245 _aХристос приземлився в Городні
_bроман
300 _a429 с.
955 _a3
041 _arus
080 _a821.161.3
260 _aК.
_bМолодь
_c1988
246 3 1 _aЄвангеліє від Іуди
_n
650 7 _a82 Література. Літературознавство
_2UDC
999 _c382362
_d382362